000 00312nam a22001457a 4500
008 230622b ||||| |||| 00| 0 eng d
020 _a97891270442
041 _aeng
080 _a61
082 _a61POO
100 _a8
101 _aMJK
245 _aCLINICAL MEMORY ASSESSMENT
_cPOON.W.L
942 _2udc
_cBK
999 _c60033
_d60033